Jak dál v ochraně spotřebitele v ČSFR.

Nutnosť a opodstatnenosť systému ochrany spotrebiteľa v ČSFR. Vzdelaný a informovaný spotrebiteľ - základ systému ochrany spotrebiteľa. Úloha štátu. Zapojenie okresných a obecných úradov (aktivita zdola).

Gespeichert in:
Bibliographische Detailangaben
1. Verfasser: Hruda, L.
Format: Buchkapitel
Sprache:Tschechisch
Schlagworte:
Tags: Tag hinzufügen
Keine Tags, Fügen Sie das erste Tag hinzu!

MARC

LEADER 00000naa a2200000 4500
001 r009194
005 20220831084336.6
041 0 |a cze 
044 |a [CS] 
245 1 0 |a Jak dál v ochraně spotřebitele v ČSFR.  |c L. Hruda 
520 |a Nutnosť a opodstatnenosť systému ochrany spotrebiteľa v ČSFR. Vzdelaný a informovaný spotrebiteľ - základ systému ochrany spotrebiteľa. Úloha štátu. Zapojenie okresných a obecných úradov (aktivita zdola). 
610 2 0 |a ochrana spotrebiteľa 
610 2 0 |a ČSFR 
610 2 0 |a spotrebitelia 
610 2 0 |a správa verejná 
100 1 |a Hruda, L.